| 000 | 00697nam a2200229 i 4500 | ||
|---|---|---|---|
| 001 | 116591 | ||
| 003 | ES-MaACL | ||
| 005 | 20230906190731.0 | ||
| 007 | t| | ||
| 008 | 061121s1971 sp r ||||1| spa d | ||
| 080 | _a331.152 | ||
| 245 | 0 | 3 |
_aLa participación de los trabajadores en la gestión de la empresa / _cJordi Estivill ... [et al.]. |
| 250 | _a1ª ed. | ||
| 260 |
_aBarcelona : _bNova Terra, _c1971. |
||
| 300 |
_a185 p. ; _c22 cm. |
||
| 490 | 1 |
_aTrabajo y sociedad ; _v16 |
|
| 650 |
_aParticipación de los trabajadores. _915852 |
||
| 700 | 1 |
_aEstivill, Jordi. _948181 |
|
| 830 | 1 |
_aTrabajo y sociedad ; _v16 _9183358 |
|
| 852 | 4 |
_aES-MaACL _jC-44237 |
|
| 999 |
_c116591 _d116591 |
||